Bérgazdálkodás rendszerének értékelése, a belső ösztönzés továbbfejlesztésének lehetőségei

Bibliographic Details
Main Author: Csáki Tibor
Other Authors: Siklósi Dr. Ágnes
Format: Final Paper
Kulcsszavak:Bérgazdálkodás
Belső motiváció
Építőipar
Online Access:http://dolgozattar.uni-bge.hu/13976

MARC

LEADER 00000nta a2200000 i 4500
001 dolg13976
005 20171214120550.0
008 171214suuuu hu o 000 hun d
040 |a BGE Dolgozattár Repozitórium  |b hun 
041 |a hu 
100 1 |a Csáki Tibor 
245 1 0 |a Bérgazdálkodás rendszerének értékelése, a belső ösztönzés továbbfejlesztésének lehetőségei  |c Csáki Tibor  |h [elektronikus dokumentum] 
516 |a Final_paper 
695 |a Bérgazdálkodás 
695 |a Belső motiváció 
695 |a Építőipar 
700 1 |a Siklósi Dr. Ágnes  |e ths 
856 4 0 |u http://dolgozattar.uni-bge.hu/13976/1/BGE%20szakdolgozat%20-%20Cs%C3%A1ki%20Tibor%202017-12-12.pdf  |z Dokumentum-elérés 
856 4 0 |u http://dolgozattar.uni-bge.hu/13976/2/Nyilakozat%20Cs%C3%A1ki%20Tibor.pdf  |z Dokumentum-elérés